000 00294nam a2200121 a 4500
008 100916s1985|||| d
245 1 0 _aChoď za mamou..ocko pracuje!
100 1 _aDorinová, Francoise
260 _bTatran
_aBratislava
_c1985
020 _c30
044 _axo
_cSK
041 _aslo
999 _c10345
_d10345